Language Quiz

Random Language or Spanish Quiz

Five Language Continent Match Quiz Stats

Quiz Updated Nov 8, 2014

Challenge
Share
Tweet
Score 0/7 Timer 01:00
8 Plays Today
% Correct
Europe
84%
Asia
82.1%
Africa
77.7%
Oceania
76.9%
Antarctica
73.9%
North America
70.5%
South America
68.1%

You're not logged in!

Compare scores with friends on all Sporcle quizzes.
Sign Up with Email
OR
Log In

You Might Also Like...

Show Comments

Extras

Top Quizzes Today


Score Distribution

Your Account Isn't Verified!

In order to create a playlist on Sporcle, you need to verify the email address you used during registration. Go to your Sporcle Settings to finish the process.